000 00591nam a2200229Ia 4500
003 OSt
005 20220924141931.0
006 a|||||r|||| 00| 0
007 ta
008 220923b |||||||| |||| 00| 0 ben d
024 _a299797
037 _cTextual
040 _aARTS
_cARTS
_bben
041 _2ben
_aben
082 _aR85.D, 157M0
100 _aBhattacharya Umesh Chandra
_9212697
245 0 _aVichitra vidya granthmala
260 _c1980
650 _aPHILOSOPHY
942 _hR85.D, 157M0
_cTEXL
_2CC
999 _c448711
_d448711